| 000 | 00635nam a2200229Ia 4500 | ||
|---|---|---|---|
| 003 | OSt | ||
| 005 | 20220928111124.0 | ||
| 006 | a|||||r|||| 00| 0 | ||
| 007 | ta | ||
| 008 | 220927b |||||||| |||| 00| 0 eng d | ||
| 024 | _a62796 | ||
| 037 | _cTextual | ||
| 040 |
_aSDCL _cSDCL _beng |
||
| 041 |
_2eng _aeng |
||
| 082 | _aX:89F, M2 | ||
| 100 | _aMAHESHWARI S.N | ||
| 245 | 0 | _aManagment accounting and financial control. | |
| 260 |
_adaryaganj,new _bdelhi sultan chand and sons _c1981 |
||
| 300 |
_a58p.with various pigination. _ccm. |
||
| 942 |
_hX:89F, M2 _cTEXL _2CC |
||
| 999 |
_c737881 _d737881 |
||